Para leer El capital (Registro nro. 4178)
[ vista simple ]
| 000 -LEADER | |
|---|---|
| fixed length control field | 01340 a2200241 4500 |
| 001 - CONTROL NUMBER | |
| control field | 46306 |
| 005 - DATE AND TIME OF LATEST TRANSACTION | |
| control field | 20260407155735.0 |
| 008 - FIXED-LENGTH DATA ELEMENTS--GENERAL INFORMATION | |
| fixed length control field | 260407a1974 arg spa d |
| 003 - CONTROL NUMBER IDENTIFIER | |
| control field | AR-UNSa-BCEJYS |
| 040 ## - CATALOGING SOURCE | |
| Original cataloging agency | AR-UNSa-BCEJYS |
| Language of cataloging | spa |
| Transcribing agency | AR-UNSa-BCEJYS |
| 080 ## - UNIVERSAL DECIMAL CLASSIFICATION NUMBER | |
| Universal Decimal Classification number | 330.14 |
| Common auxiliary subdivision | Capital |
| 041 ## - LANGUAGE CODE | |
| Language code of text/sound track or separate title | spa |
| 100 1# - MAIN ENTRY--PERSONAL NAME | |
| Personal name | Althusser, Louis |
| 245 10 - TITLE STATEMENT | |
| Title | Para leer El capital |
| 250 ## - EDITION STATEMENT | |
| Edition statement | 3a. ed. |
| 264 #1 - PRODUCTION, PUBLICATION, DISTRIBUTION, MANUFACTURE, AND COPYRIGHT NOTICE | |
| Place of production, publication, distribution, manufacture | Buenos Aires : |
| Name of producer, publisher, distributor, manufacturer | Siglo Veintiuno de Argentina Editores |
| Date of production, publication, distribution, manufacture, or copyright notice | 1974 |
| 300 ## - PHYSICAL DESCRIPTION | |
| Extent | 335 p. |
| Dimensions | 20 cm. |
| 505 ## - FORMATTED CONTENTS NOTE | |
| Formatted contents note | Parte I. El objeto de “El Capital” / Louis Althusser: 1. Advertencia – 2. Marx y sus descubrimientos – 3. Los méritos de la economía clásica – 4. Los defectos de la economía clásica. Bosquejo del concepto de tiempo histórico – 5. El marxismo no es un historicismo – 6. Proposiciones epistemológicas de El capital (Marx, Engels) – 7. El objeto de “la economía política” – 8. La crítica de Marx - - Parte II. Acerca de los conceptos fundamentales del materialismo histórico / Étienne Balibar: 1. De la periodización a los modos de producción – 2. Los elementos de la estructura y su historia – 3. La reproducción – 4. Elementos para una teoría del tránsito. |
| 590 ## - LOCAL NOTE (RLIN) | |
| Local note | niveau_biblio:m niveau_hierar:0 |
| 700 1# - ADDED ENTRY--PERSONAL NAME | |
| Personal name | Balibar, Etienne |
| 700 1# - ADDED ENTRY--PERSONAL NAME | |
| Personal name | Harnecker, Martha |
| 942 ## - ADDED ENTRY ELEMENTS (KOHA) | |
| Koha item type | |
| Withdrawn status | Lost status | Damaged status | Not for loan | Home library | Current library | Shelving location | Date acquired | Total checkouts | Full call number | Barcode | Date last seen | Price effective from | Koha item type |
|---|---|---|---|---|---|---|---|---|---|---|---|---|---|
| Biblioteca Prof. Eusebio Cleto del Rey | Biblioteca Prof. Eusebio Cleto del Rey | 07/04/2026 | 330.14 A467 3ed. | L25733 | 07/04/2026 | 07/04/2026 | Libro | ||||||
| Biblioteca Prof. Eusebio Cleto del Rey | Biblioteca Prof. Eusebio Cleto del Rey | 07/04/2026 | 330.14 A467 3ed. | L25735 | 07/04/2026 | 07/04/2026 | Libro | ||||||
| Biblioteca Prof. Eusebio Cleto del Rey | Biblioteca Prof. Eusebio Cleto del Rey | 07/04/2026 | 330.14 A467 3ed. | L25734 | 07/04/2026 | 07/04/2026 | Libro |